|
|
|
|
| LEADER |
00808nam a2200217 a 4500 |
| 001 |
014760159 |
| 008 |
100720r20032001ii a 001 0 eng d |
| 020 |
|
|
|a 8175560002
|
| 040 |
|
|
|a DB-DhAAL
|c DB-DhAAL
|
| 082 |
0 |
4 |
|a 530.414
|2 21
|
| 100 |
1 |
|
|a Saxena, B. S.
|
| 245 |
0 |
0 |
|a Fundamentals of solid state physics /
|c B S Saxena; R C Gupta; P N Saxena
|
| 260 |
|
|
|a Meerut :
|b Pragati Prakashan,
|c 2001 [reprinted 2003]
|
| 250 |
|
|
|a 9th ed.
|
| 300 |
|
|
|a xii, 984 p. :
|b ill. ;
|c 25 cm.
|
| 504 |
|
|
|a Includes index.
|
| 541 |
1 |
|
|e 00013232
|
| 650 |
|
0 |
|a Solid state physics.
|
| 852 |
4 |
|
|a Ayesha Abed Library
|j General Shelf.
|
| 999 |
|
|
|c 9281
|d 9281
|
| 952 |
|
|
|0 0
|1 0
|2 ddc
|4 0
|6 530_414000000000000_SAX
|7 0
|9 12925
|a BRACUL
|b BRACUL
|c GEN
|d 2010-10-31
|g 372.00
|l 8
|m 40
|o 530.414 SAX
|p 3010013232
|r 2017-04-10
|s 2017-03-12
|t 1
|w 2010-10-31
|y BK
|